000
00493nam a2200133Ia 4500
008
100328s9999 xx 000 0 und d
082
_b
6074
100
_a
ओक शामराव नीलकंठ
245
_a
चोरबाजारांतील चिजा
260
_b
भारत-गौरव-ग्रंथमाला
630
_a
चोरबाजारांतील चिजा
730
_a
चोरबाजारांतील चिजा
942
_c
BOOK
999
_c
502014
_d
502011